000 00733nmc a2200265 a 4500
003 AR-BaBNM
005 20251128202913.0
008 306019s1944 ||||||||||||||000 | spa||
040 _cAR-BaBNM
100 1 _aGonzález Arrili, Bernardo
245 1 0 _aEl Deán Funes
260 _aBuenos Aires
_bSociedad Impresora Americana
_c1944
300 0 _a136 p.
490 0 _aHombres de nuestra tierra
500 0 _aCon viñetas al iniciar cada capítulo
600 1 4 _aFunes, Gregorio
_d1749-1829
650 4 _aHISTORIA ARGENTINA
650 4 _aBIOGRAFIAS
650 4 _aREVOLUCION DE MAYO
650 4 _aHISTORIADORES
655 _aBIOGRAFIAS
800 1 _aGonzález Arrili, Bernardo
_edirector
942 _cBK
998 _cEnrique
999 _c1128
_d1128